Postaw na milion 124 - Statystyki

Ogólne statystyki
  • Ten quiz został rozwiązany 17 razy
    5 od ostatniego zresetowania
  • Średni wynik to 7 z 13
Statystyki odpowiedzi
Zagadnienie Odpowiedź % Poprawnych
Która ryba żyje w morzu? dorsz
100%
O którym władcy mówi się, że zastał Polskę drewnianą a zostawił murowaną? Kazimierz III Wielki
100%
Żydowski kugel to: zapiekana babka ziemniaczana
100%
Który rzemieślnik zajmuje się wytwarzaniem portmonetek i portfeli? kaletnik
80%
Doroczny wielkanocny festiwal muzyki dawnej w Krakowie nosi nazwę: Misteria Paschalia
80%
Pod względem powierzchni Rosja zajmuje pierwsze miejsce wśród państw świata, a Japonia należy do najgęściej zaludnionych. Które z tych państw ma więcej ludności? Rosja
60%
Tytuł prymasa Polski przysługuje arcybiskupowi... Gniezna
40%
Bez której z tych potraw nie wyobraża sobie wieczerzy wigilijnej największy odsetek Polaków badanych przez CBOS w 2015 roku? karpia
40%
Z którego filmu pochodzi Oscarowa piosenka "Moon River"? Śniadanie u Tiffany'ego
40%
Które z tych państw nie jest stolicą państwa? Zurych
40%
Jaki podtytuł nadano filmowi z cyklu "Gwiezdne wojny", który wszedł na ekrany jako pierwszy? Nowa Nadzieja
20%
Który z grzybów nie ma blaszek pod kapeluszem? piaskowiec kasztanowaty
20%
Która z tych wybitnych osób nie jest laureatem Pokojowej Nagrody Nobla? Mahatma Gandhi
0%
Nie znaleziono quizów pasujących do podanych kryteriów
Rozkład punktacji
Procent ludzi z każdym wynikiem
Percentyl według liczby udzielonych odpowiedzi
Twoja historia wyników
Nie rozwiązałeś tego quizu od ostatniego zresetowania